Elektronické vzdelávanie vo vybraných krajinách z pohľadu učiteľov
Elektronické vzdelávanie ako vzdelávanie poskytované za pomoci informačných a komunikačných technológií. Realizovaná prieskum a jeho výsledky s cieľom zistiť rozdiely v uplatňovaní jednotlivých foriem elektronického vzdelávania na Slovensku a v zahraničí. Zameranie sa na oblasť primárneho vzdelávani...
Na minha lista:
| Autor principal: | |
|---|---|
| Formato: | Capítulo de Livro |
| Idioma: | eslovaco |
| Assuntos: | |
| Tags: |
Sem tags, seja o primeiro a adicionar uma tag!
|
MARC
| LEADER | 00000naa$a2200000$$$4500 | ||
|---|---|---|---|
| 001 | 0091842 | ||
| 005 | 20231010124802.5 | ||
| 041 | 0 | |a slo | |
| 044 | |a SK | ||
| 245 | 1 | 0 | |a Elektronické vzdelávanie vo vybraných krajinách z pohľadu učiteľov |c Milan Maoš |
| 520 | |a Elektronické vzdelávanie ako vzdelávanie poskytované za pomoci informačných a komunikačných technológií. Realizovaná prieskum a jeho výsledky s cieľom zistiť rozdiely v uplatňovaní jednotlivých foriem elektronického vzdelávania na Slovensku a v zahraničí. Zameranie sa na oblasť primárneho vzdelávania. | ||
| 610 | 2 | 0 | |a softvér |
| 610 | 2 | 0 | |a vyučovanie |
| 610 | 2 | 0 | |a vzdelávanie elektronické |
| 610 | 2 | 0 | |a technológie informačné |
| 100 | 1 | |a Maoš, Milan | |